书目信息 |
| 题名: |
室外环境设计初步
|
|
| 作者: | 张建强 , 沈磊 编著 | |
| 分册: | ||
| 出版信息: | 杭州 浙江人民美术出版社 1998.12 |
|
| 页数: | 86页 | |
| 开本: | 16开 | |
| 丛书名: | ||
| 单 册: | ||
| 中图分类: | TU984.12 | |
| 科图分类: | ||
| 主题词: | 城市规划 | |
| 电子资源: | ||
| ISBN: | 7-5340-0900-6 | |
| 000 | 00613nam0 2200205 45 | |
| 001 | 0010241696 | |
| 005 | 20001024161659.0 | |
| 010 | @a7-5340-0900-6@d28.00元 | |
| 100 | @a20001024d1998 km y0chiy0120 ea | |
| 101 | 0 | @achi |
| 105 | @a z 000yy | |
| 200 | 1 | @a室外环境设计初步@AShi Wai Huan Jing She Ji Chu Bu@f张建强,沈磊编著@FZhang Jian Qiang,Shen Lei Bian Zhu |
| 210 | @a杭州@c浙江人民美术出版社@d1998.12 | |
| 215 | @a86页@d16开 | |
| 606 | 0 | @a城市规划 |
| 690 | @aTU984.12@v3 | |
| 701 | 0 | @a张建强@4编著 |
| 701 | 0 | @a沈磊@4编著 |
| 801 | @aCN@bPftUser@c20001024 | |
| 905 | @b186252-261@dTU984.12@eZH681@f10 | |
| 室外环境设计初步/张建强,沈磊编著.-杭州:浙江人民美术出版社,1998.12 |
| 86页;16开 |
| ISBN 7-5340-0900-6:28.00元 |
| ● |
| 相关链接 |
|
|
|
正题名:室外环境设计初步
索取号:TU984.12/ZH681
 
预约/预借
| 序号 | 登录号 | 条形码 | 馆藏地/架位号 | 状态 | 备注 |
| 1 | 186252 | 201862528 | 建筑库201/201建筑库 63排6列2层/ [索取号:TU984.12/ZH681] | 在馆 | |
| 2 | 186253 | 201862537 | 建筑与城市规划学院资料室/ [索取号:TU984.12/ZH681] | 在馆 | |
| 3 | 186254 | 201862546 | 建筑与城市规划学院资料室/ [索取号:TU984.12/ZH681] | 在馆 | |
| 4 | 186255 | 201862555 | 建筑库201/201建筑库 63排6列2层/ [索取号:TU984.12/ZH681] | 在馆 | |
| 5 | 186256 | 201862564 | 建筑与城市规划学院资料室/ [索取号:TU984.12/ZH681] | 在馆 | |
| 6 | 186257 | 201862573 | 建筑库201/201建筑库 63排6列2层/ [索取号:TU984.12/ZH681] | 在馆 | |
| 7 | 186258 | 201862582 | 建筑库201/201建筑库 63排6列2层/ [索取号:TU984.12/ZH681] | 在馆 | |
| 8 | 186259 | 201862591 | 建筑库201/201建筑库 63排6列2层/ [索取号:TU984.12/ZH681] | 在馆 | |
| 9 | 186260 | 201862608 | 建筑库201/201建筑库 63排6列2层/ [索取号:TU984.12/ZH681] | 在馆 | |
| 10 | 186261 | 201862617 | 建筑库201/201建筑库 63排6列2层/ [索取号:TU984.12/ZH681] | 在馆 |